| 000 | 00875cam a2200277 a 4500 | ||
|---|---|---|---|
| 001 | 959 | ||
| 003 | BD-RjUL | ||
| 005 | 20211208233245.0 | ||
| 008 | 131124s1975 njua b 001 0 eng | ||
| 020 | _a0382182197 | ||
| 035 | _a(BD-RjUL)981 | ||
| 040 |
_aDLC _cDLC _dDLC _dBD-RjUL _beng |
||
| 041 | _aeng | ||
| 082 | 0 | 0 |
_a108 _216 _bPHI 1975 |
| 245 | 0 | 0 |
_aPhilosophical explorations / _c[compiled by] Peter A. French. |
| 260 |
_aMorristown, N.J. : _bGeneral Learning Press, _cc1975. |
||
| 300 |
_axi, 777 p. : _bill. (some col.) ; _c23 cm. |
||
| 500 | _a"A major revision of the original book Exploring philosophy." | ||
| 504 | _aIncludes bibliographies and index. | ||
| 650 | 0 |
_aPhilosophy. _92837 |
|
| 700 | 1 |
_aFrench, Peter A. _92838 |
|
| 700 | 1 |
_aFrench, Peter A., _ecomp. _tExploring philosophy. _92839 |
|
| 942 |
_2ddc _cBK |
||
| 999 |
_c959 _d959 |
||